Velu la velocirraptor cree que todo es suyo (Registro nro. 58081)

Detalles MARC
000 -LDR (LÍDER)
fixed length control field 00860nam a22002777a 4500
008 - FIXED-LENGTH DATA ELEMENTS--GENERAL INFORMATION
fixed length control field 250815b |||||||| |||| 00| 0 eng d
020 ## - ISBN
ISBN 9789974886476
040 ## - FUENTE DE CATALOGACIÓN
Agencia catalogadora original CO-BoRNBP
Idioma de la agencia catalogadora spa
Norma para la descripción rda
Agencia que transcribe CO-BoRNBP
084 ## - Clasificación facetada
Número de clasificación C VEL
100 1# - Autor
Nombre Berduque Carolina
9 (RLIN) 62396
245 00 - Título
Título Velu la velocirraptor cree que todo es suyo
Mención de responsabilidad Carolina Berduque ;Traductora India
250 ## - Edición
Edición Primera edición
264 #1 - Pie de imprenta
Ciudad de publicación India
Editorial Arquetipo
Año 2016
300 ## - Descripción física
Extensión 32 páginas
Otros detalles físicos ilustraciones a color
Dimensiones 21 cm.
336 ## - Tipo de Contenido
Fuente rdacontent
Tipo de contenido texto
Código de tipo de contenido txt
337 ## - Tipo de Medio
Fuente rdamedia
Tipo de Medio sin mediación
Código de tipo de medio n
338 ## - Tipo de soporte
Fuente rdacarrier
Tipo de soporte volumen
Código de tipo de soporte nc
653 ## - Tema
Tema Cuentos infantiles
653 ## - Tema
Tema Amistad
653 ## - Tema
Tema Aventuras
653 ## - Tema
Tema Emociones
700 1# - ASIENTO SECUNDARIO - NOMBRE PERSONAL
Nombre personal Peralta Daniela
Término de relación, rol en la obra Supervisión de Edición
942 ## - Información adicional
Tipo de material Libro Infantil
700 1# - ASIENTO SECUNDARIO - NOMBRE PERSONAL
-- 62411
Existencias
Estado de pérdida Fuente del sistema de clasificación o colocación Estado de daño Koha normalized classification for sorting Not for loan Colección Biblioteca Biblioteca actual Localización Fecha de adquisición Koha issues (times borrowed) Signatura topográfica Código de barras Koha date last seen Ejemplar Price effective from Tipo de ítem
  Dewey Decimal Classification   C_VEL   Infantil Biblioteca Pública San Carlos de Guaroa - Eduardo Carranza Biblioteca Pública San Carlos de Guaroa - Eduardo Carranza Literatura 08/15/2025   C VEL SG03932 08/15/2025 Ej.1 08/15/2025 Libro Infantil









Instituto Departamental de Cultura del Meta - Red Departamental de Bibliotecas Públicas del Meta.